Top agents 2007 (Record no. 79018)

MARC details
000 -LEADER
fixed length control field 01158cab a2200241 4500
001 - CONTROL NUMBER
control field L138871
008 - FIXED-LENGTH DATA ELEMENTS--GENERAL INFORMATION
fixed length control field 070717n20070714xxk f 000 0 eng u
035 ## - SYSTEM CONTROL NUMBER
System control number (Sirsi) u138871
041 0# - LANGUAGE CODE
Language code of text/sound track or separate title eng
100 1# - MAIN ENTRY--PERSONAL NAME
Personal name Cahill, Julia
245 00 - TITLE STATEMENT
Title Top agents 2007
260 ## - PUBLICATION, DISTRIBUTION, ETC.
Date of publication, distribution, etc. 2007
490 #0 - SERIES STATEMENT
Series statement Estates Gazette
Volume/sequential designation (0728) 14 July 2007, 63-78(16)
520 ## - SUMMARY, ETC.
Summary, etc. "Estates Gazette's" annual agents table places Savills as the top agent in 2007, ranked by UK turnover. Whilst business at the UK's top agents has increased by 25% to £2.7bn since 2006, mid-size firms such as Donaldsons are struggling, and the gap between mid-size firms and the elite is widening. Tables include the top 72 agents ranked by UK turnover, the top 71 agents ranked by UK turnover per fee-earner, the top 10 European agents ranked by European turnover, and the top global agents ranked by worldwide turnover. Includes an article on niche investment agents.
590 ## - LOCAL NOTE (RLIN)
Local note KA NTK
650 24 - SUBJECT ADDED ENTRY--TOPICAL TERM
Topical term or geographic name entry element EG TOP AGENTS TABLE
651 #4 - SUBJECT ADDED ENTRY--GEOGRAPHIC NAME
Geographic name United Kingdom
Chronological subdivision
690 ## - LOCAL SUBJECT ADDED ENTRY--TOPICAL TERM (OCLC, RLIN)
Topical term or geographic name as entry element PROPERTY-PROPERTY AGENCY
700 1# - ADDED ENTRY--PERSONAL NAME
Personal name Barnard, Lucy
700 1# - ADDED ENTRY--PERSONAL NAME
Personal name Clift, Patrick
700 1# - ADDED ENTRY--PERSONAL NAME
Personal name Lazarus, Darren
942 ## - ADDED ENTRY ELEMENTS (KOHA)
Suppress in OPAC 0
Holdings
Withdrawn status Lost status Source of classification or shelving scheme Damaged status Not for loan Home library Current library Shelving location Date acquired Total Checkouts Full call number Barcode Date last seen Copy number Price effective from Koha item type
    Dewey Decimal Classification     London London Journal article 17/07/2007   L138871 138871-1001 06/08/2019 1 06/08/2019 Journal article